书目信息 |
| 题名: |
德语-300小时
|
|
| 作者: | 殷桐生 , 叶本度 编 | |
| 分册: | ||
| 出版信息: | 北京 外语教学与研究出版社 1982.10 |
|
| 页数: | 535页 | |
| 开本: | 32开 | |
| 丛书名: | ||
| 单 册: | ||
| 中图分类: | H33 | |
| 科图分类: | ||
| 主题词: | 德语 | |
| 电子资源: | ||
| ISBN: | 7-5600-0290-0 | |
| 000 | 00574nam0 2200205 45 | |
| 001 | 0009111674 | |
| 005 | 20000911161133.5 | |
| 010 | @a7-5600-0290-0@d21.90元 | |
| 100 | @a20000911d1982 km y0chiy0120 ea | |
| 101 | 0 | @achi |
| 105 | @a z 000yy | |
| 200 | 1 | @a德语-300小时@ADe Yu-300 Xiao Shi@f殷桐生,叶本度编@FYin Tong Sheng,Ye Ben Du Bian |
| 210 | @a北京@c外语教学与研究出版社@d1982.10 | |
| 215 | @a535页@d32开 | |
| 606 | 0 | @a德语 |
| 690 | @aH33@v3 | |
| 701 | 0 | @a殷桐生@4编 |
| 701 | 0 | @a叶本度@4编 |
| 801 | @aCN@bPftUser@c20000911 | |
| 905 | @b135501-505@dH33@eY796@f5 | |
| 德语-300小时/殷桐生,叶本度编.-北京:外语教学与研究出版社,1982.10 |
| 535页;32开 |
| ISBN 7-5600-0290-0:21.90元 |
| ● |
| 相关链接 |
|
|
|
正题名:德语-300小时
索取号:H33/Y796
 
预约/预借
| 序号 | 登录号 | 条形码 | 馆藏地/架位号 | 状态 | 备注 |
| 1 | 135501 | 201355014 | 语言库209/209语言库 118排2列1层/ [索取号:H33/Y796] | 在馆 | |
| 2 | 135502 | 201355023 | 语言库209/ [索取号:H33/Y796] | 在馆 | |
| 3 | 135503 | 201355032 | 语言库209/209语言库 118排2列1层/ [索取号:H33/Y796] | 在馆 | |
| 4 | 135504 | 201355041 | 语言库209/209语言库 118排2列1层/ [索取号:H33/Y796] | 在馆 | |
| 5 | 135505 | 201355050 | 语言库209/209语言库 118排2列1层/ [索取号:H33/Y796] | 在馆 |